000 00929nam a22002417a 4500
005 20250502153539.0
008 250502b |||||||| |||| 00| 0 eng d
020 _a978-93-86771-56-8 (hbk)
037 _cTB
040 _aCRL
_cCRL
041 _2Pun
_aPun
084 _aO153,6M61:g Q7
_qCRL
100 _aਵਰਮਾ, ਪਰਮਜੀਤ
_9753796
245 _aਭਾਈ ਕਾਹਨ ਸਿੰਘ ਨਾਭਾ
260 _aਦਿੱਲੀ, ਭਾਰਤ:
_bਸਹਿਤ ਅਕੈਡਮੀ,
_c136 ਪ.
300 _a136 ਪ.
365 _b 50.00
_cINR
650 _aਪੰਜਾਬੀ ਸਾਹਿਤ
650 _aਪੰਜਾਬੀ ਨਿਬੰਧ
_9753396
650 _aਭਾਈ ਕਾਹਨ ਸਿੰਘ ਨਾਭਾ
_9753797
942 _2CC
_cTB
_hO153,6M61:g Q7
_n0
999 _c1309966
_d1309966